| Tag |
First Indicator |
Second Indicator |
Subfields |
| LEADER |
00000cas a2200000 a 4500 |
| 001 |
in00000070043 |
| 005 |
20151008061549.0 |
| 008 |
820415c19829999mdubr p 0 a0eng c |
| 010 |
|
|
|a 82645854
|z sn 82002922
|
| 016 |
7 |
|
|a 011752221
|2 Uk
|
| 019 |
|
|
|a 8182106
|a 185063958
|
| 022 |
0 |
|
|a 0732-2399
|l 0732-2399
|2 1
|
| 029 |
1 |
|
|a NLGGC
|b 830390863
|
| 029 |
1 |
|
|a NZ1
|b 4594566
|
| 029 |
1 |
|
|a AU@
|b 000021792283
|
| 032 |
|
|
|a 680450
|b USPS
|
| 035 |
|
|
|a (OCoLC)ocm08337960
|
| 035 |
|
|
|a (OCoLC)8337960
|z (OCoLC)8182106
|z (OCoLC)185063958
|
| 040 |
|
|
|a NSD
|c NSD
|d DLC
|d NSD
|d DLC
|d NST
|d AIP
|d NST
|d NSD
|d NST
|d IUL
|d NST
|d NSD
|d OCL
|d NST
|d MYG
|d NSD
|d MYG
|d CLU
|d MYG
|d OCLCQ
|d NLGGC
|d CUS
|d LVB
|d MYG
|d CDS
|d OCLCQ
|d UKMGB
|d UtOrBLW
|
| 042 |
|
|
|a nsdp
|a pcc
|
| 049 |
|
|
|a TXAM
|
| 050 |
0 |
0 |
|a HF5410
|b .M39
|
| 082 |
0 |
|
|a 658.8/005
|2 19
|
| 130 |
0 |
|
|a Marketing science (Providence, R.I.)
|
| 210 |
0 |
|
|a Mark. sci.
|b (Providence R.I.)
|
| 222 |
|
0 |
|a Marketing science
|b (Providence, R.I.)
|
| 245 |
1 |
0 |
|a Marketing science :
|b the marketing journal of TIMS/ORSA.
|
| 264 |
|
1 |
|a [Providence, R.I.] :
|b [The Institute of Management Sciences and Operations Research Society of America],
|c [1982-]
|
| 264 |
|
4 |
|c [©1982-]
|
| 300 |
|
|
|a volumes :
|b illustrations ;
|c 26 cm.
|
| 310 |
|
|
|a Bimonthly,
|b 2006-
|
| 321 |
|
|
|a Quarterly,
|b 1982-2005
|
| 336 |
|
|
|a text
|b txt
|2 rdacontent
|
| 337 |
|
|
|a unmediated
|b n
|2 rdamedia
|
| 338 |
|
|
|a volume
|b nc
|2 rdacarrier
|
| 362 |
0 |
|
|a Vol. 1, no. 1 (winter 1982)-
|
| 500 |
|
|
|a Title from cover.
|
| 500 |
|
|
|a Published: Linthicum, Md. : INFORMS, <winter 1995- >
|
| 650 |
|
0 |
|a Marketing
|v Periodicals.
|
| 650 |
1 |
7 |
|a Marketing.
|2 gtt
|
| 650 |
|
6 |
|a Marketing
|v Périodiques.
|
| 710 |
2 |
|
|a Institute of Management Sciences.
|
| 710 |
2 |
|
|a Operations Research Society of America.
|
| 710 |
2 |
|
|a Institute for Operations Research and the Management Sciences.
|
| 776 |
0 |
8 |
|i Online version:
|t Marketing science
|x 1526-548X
|w (DLC)sn 99004425
|w (OCoLC)42287096
|
| 891 |
2 |
0 |
|9 853
|8 1
|a v.
|b no.
|u 4
|v r
|i (year)
|j (season)
|w q
|x 24
|y 24,21,22,23
|
| 891 |
4 |
1 |
|9 863
|8 1.1
|a <24>
|b <1>
|i <2005>
|j <24>
|
| 891 |
2 |
0 |
|9 853
|8 2
|a v.
|b no.
|u 6
|v r
|i (year)
|j (month/month)
|w b
|x 01/02
|
| 891 |
4 |
0 |
|9 863
|8 2.1
|a 25
|b 1
|i 2006
|j 01/02
|
| 936 |
|
|
|a Vol. 20, no. 4 (fall 2001) LIC
|
| 949 |
|
|
|a updated
|b h
|c 2011/9/26
|e vilik
|f 11:19:47 am
|
| 994 |
|
|
|a C0
|b TXA
|
| 999 |
|
|
|a MARS
|
| 999 |
f |
f |
|s 8049e405-1fd6-3595-b279-c6e553e707ec
|i 43a6873f-ebfd-3f71-9dac-ff2dac47dfa8
|t 0
|
| 952 |
f |
f |
|p ric
|a Texas A&M University
|b Rellis Campus
|c Joint Library Facility
|d Remote Storage
|t 0
|e HF5410 .M39
|h Library of Congress classification
|i unmediated -- volume
|k v.31:no.5-6
|l 2012:Sept./Oct.-Nov./Dec.
|m A14841636859
|
| 952 |
f |
f |
|p ric
|a Texas A&M University
|b Rellis Campus
|c Joint Library Facility
|d Remote Storage
|t 0
|e HF5410 .M39
|h Library of Congress classification
|i unmediated -- volume
|k v.25:no.1-3
|l 2006:Jan./Feb.-May/June
|m A14835109527
|
| 952 |
f |
f |
|p ric
|a Texas A&M University
|b Rellis Campus
|c Joint Library Facility
|d Remote Storage
|t 0
|e HF5410 .M39
|h Library of Congress classification
|i unmediated -- volume
|k v.24:no.3-4
|l 2005:Summer-Fall
|m A14841774756
|
| 952 |
f |
f |
|p ric
|a Texas A&M University
|b Rellis Campus
|c Joint Library Facility
|d Remote Storage
|t 0
|e HF5410 .M39
|h Library of Congress classification
|i unmediated -- volume
|k v.35:no.3-4
|l 2016:May/June-July/Aug.
|m A14850117913
|
| 952 |
f |
f |
|p ric
|a Texas A&M University
|b Rellis Campus
|c Joint Library Facility
|d Remote Storage
|t 0
|e HF5410 .M39
|h Library of Congress classification
|i unmediated -- volume
|k v.11
|l 1992
|m A14841774590
|
| 952 |
f |
f |
|p ric
|a Texas A&M University
|b Rellis Campus
|c Joint Library Facility
|d Remote Storage
|t 0
|e HF5410 .M39
|h Library of Congress classification
|i unmediated -- volume
|k v.23:no.3-4
|l 2004:Summer-Fall
|m A14832847388
|
| 952 |
f |
f |
|p ric
|a Texas A&M University
|b Rellis Campus
|c Joint Library Facility
|d Remote Storage
|t 0
|e HF5410 .M39
|h Library of Congress classification
|i unmediated -- volume
|k v.30:no.1-2
|l 2011:Jan./Feb.-Mar./April
|m A14841287838
|
| 952 |
f |
f |
|p ric
|a Texas A&M University
|b Rellis Campus
|c Joint Library Facility
|d Remote Storage
|t 0
|e HF5410 .M39
|h Library of Congress classification
|i unmediated -- volume
|k v.21
|l 2002
|m A14830982645
|
| 952 |
f |
f |
|p ric
|a Texas A&M University
|b Rellis Campus
|c Joint Library Facility
|d Remote Storage
|t 0
|e HF5410 .M39
|h Library of Congress classification
|i unmediated -- volume
|k v.7
|l 1988
|m A14841774632
|
| 952 |
f |
f |
|p ric
|a Texas A&M University
|b Rellis Campus
|c Joint Library Facility
|d Remote Storage
|t 0
|e HF5410 .M39
|h Library of Congress classification
|i unmediated -- volume
|k v.9
|l 1990
|m A14841774616
|
| 952 |
f |
f |
|p ric
|a Texas A&M University
|b Rellis Campus
|c Joint Library Facility
|d Remote Storage
|t 0
|e HF5410 .M39
|h Library of Congress classification
|i unmediated -- volume
|k v.28:no.4-5
|l 2009:July/Aug.-Sept./Oct.
|m A14838989510
|
| 952 |
f |
f |
|p ric
|a Texas A&M University
|b Rellis Campus
|c Joint Library Facility
|d Remote Storage
|t 0
|e HF5410 .M39
|h Library of Congress classification
|i unmediated -- volume
|k v.28:no.6
|l 2009:Nov./Dec.
|m A14839102852
|
| 952 |
f |
f |
|p ric
|a Texas A&M University
|b Rellis Campus
|c Joint Library Facility
|d Remote Storage
|t 0
|e HF5410 .M39
|h Library of Congress classification
|i unmediated -- volume
|k v.24:no.1-2
|l 2005:Winter-Spring
|m A14841774764
|
| 952 |
f |
f |
|p ric
|a Texas A&M University
|b Rellis Campus
|c Joint Library Facility
|d Remote Storage
|t 0
|e HF5410 .M39
|h Library of Congress classification
|i unmediated -- volume
|k v.31:no.1-2
|l 2012:Jan./Feb.-Mar./April
|m A14841636875
|
| 952 |
f |
f |
|p ric
|a Texas A&M University
|b Rellis Campus
|c Joint Library Facility
|d Remote Storage
|t 0
|e HF5410 .M39
|h Library of Congress classification
|i unmediated -- volume
|k v.35:no.1-2
|l 2016:Jan./Feb.-Mar./April
|m A14843531485
|
| 952 |
f |
f |
|p ric
|a Texas A&M University
|b Rellis Campus
|c Joint Library Facility
|d Remote Storage
|t 0
|e HF5410 .M39
|h Library of Congress classification
|i unmediated -- volume
|k v.30:no.3-4
|l 2011:May/June-July/Aug.
|m A14841287820
|
| 952 |
f |
f |
|p ric
|a Texas A&M University
|b Rellis Campus
|c Joint Library Facility
|d Remote Storage
|t 0
|e HF5410 .M39
|h Library of Congress classification
|i unmediated -- volume
|k v.33:no.3-4
|l 2014:May/June-July/Aug.
|m A14842470297
|
| 952 |
f |
f |
|p ric
|a Texas A&M University
|b Rellis Campus
|c Joint Library Facility
|d Remote Storage
|t 0
|e HF5410 .M39
|h Library of Congress classification
|i unmediated -- volume
|k v.6
|l 1987
|m A14841774640
|
| 952 |
f |
f |
|p ric
|a Texas A&M University
|b Rellis Campus
|c Joint Library Facility
|d Remote Storage
|t 0
|e HF5410 .M39
|h Library of Congress classification
|i unmediated -- volume
|k v.18
|l 1999
|m A14827264737
|
| 952 |
f |
f |
|p ric
|a Texas A&M University
|b Rellis Campus
|c Joint Library Facility
|d Remote Storage
|t 0
|e HF5410 .M39
|h Library of Congress classification
|i unmediated -- volume
|k v.12
|l 1993
|m A14841774582
|
| 952 |
f |
f |
|p ric
|a Texas A&M University
|b Rellis Campus
|c Joint Library Facility
|d Remote Storage
|t 0
|e HF5410 .M39
|h Library of Congress classification
|i unmediated -- volume
|k v.32:no.3-4
|l 2013:May/June-July/Aug.
|m A14842470263
|
| 952 |
f |
f |
|p ric
|a Texas A&M University
|b Rellis Campus
|c Joint Library Facility
|d Remote Storage
|t 0
|e HF5410 .M39
|h Library of Congress classification
|i unmediated -- volume
|k v.26:no.1-3
|l 2007:Jan./Feb.-May/June
|m A14837292261
|
| 952 |
f |
f |
|p ric
|a Texas A&M University
|b Rellis Campus
|c Joint Library Facility
|d Remote Storage
|t 0
|e HF5410 .M39
|h Library of Congress classification
|i unmediated -- volume
|k v.33:no.1-2
|l 2014:Jan./Feb.-Mar./Apr.
|m A14842470289
|
| 952 |
f |
f |
|p ric
|a Texas A&M University
|b Rellis Campus
|c Joint Library Facility
|d Remote Storage
|t 0
|e HF5410 .M39
|h Library of Congress classification
|i unmediated -- volume
|k v.36:no.1-2
|l 2017:Jan./Feb.-Mar./Apr.
|m A14850415952
|
| 952 |
f |
f |
|p ric
|a Texas A&M University
|b Rellis Campus
|c Joint Library Facility
|d Remote Storage
|t 0
|e HF5410 .M39
|h Library of Congress classification
|i unmediated -- volume
|k v.5
|l 1986
|m A14841774418
|
| 952 |
f |
f |
|p ric
|a Texas A&M University
|b Rellis Campus
|c Joint Library Facility
|d Remote Storage
|t 0
|e HF5410 .M39
|h Library of Congress classification
|i unmediated -- volume
|k v.19
|l 2000
|m A14827901559
|
| 952 |
f |
f |
|p ric
|a Texas A&M University
|b Rellis Campus
|c Joint Library Facility
|d Remote Storage
|t 0
|e HF5410 .M39
|h Library of Congress classification
|i unmediated -- volume
|k v.20
|l 2001
|m A14828773739
|
| 952 |
f |
f |
|p ric
|a Texas A&M University
|b Rellis Campus
|c Joint Library Facility
|d Remote Storage
|t 0
|e HF5410 .M39
|h Library of Congress classification
|i unmediated -- volume
|k v.32:no.5-6
|l 2013:Sept./Oct.-Nov./Dec.
|m A14842470271
|
| 952 |
f |
f |
|p ric
|a Texas A&M University
|b Rellis Campus
|c Joint Library Facility
|d Remote Storage
|t 0
|e HF5410 .M39
|h Library of Congress classification
|i unmediated -- volume
|k v.16
|l 1997
|m A14841774541
|
| 952 |
f |
f |
|p ric
|a Texas A&M University
|b Rellis Campus
|c Joint Library Facility
|d Remote Storage
|t 0
|e HF5410 .M39
|h Library of Congress classification
|i unmediated -- volume
|k v.26:no.4-6
|l 2007:July/Aug.-Nov./Dec.
|m A14837292279
|
| 952 |
f |
f |
|p ric
|a Texas A&M University
|b Rellis Campus
|c Joint Library Facility
|d Remote Storage
|t 0
|e HF5410 .M39
|h Library of Congress classification
|i unmediated -- volume
|k v.34:no.5-6
|l 2015:Sept./Oct.-Nov./Dec.
|m A14843531493
|
| 952 |
f |
f |
|p ric
|a Texas A&M University
|b Rellis Campus
|c Joint Library Facility
|d Remote Storage
|t 0
|e HF5410 .M39
|h Library of Congress classification
|i unmediated -- volume
|k v.36:no.5-6
|l 2017:Sept./Oct.-Nov./Dec.
|m A14850924706
|
| 952 |
f |
f |
|p ric
|a Texas A&M University
|b Rellis Campus
|c Joint Library Facility
|d Remote Storage
|t 0
|e HF5410 .M39
|h Library of Congress classification
|i unmediated -- volume
|k v.25:no.4-6
|l 2006:July/Aug.-Nov./Dec.
|m A14835109488
|
| 952 |
f |
f |
|p ric
|a Texas A&M University
|b Rellis Campus
|c Joint Library Facility
|d Remote Storage
|t 0
|e HF5410 .M39
|h Library of Congress classification
|i unmediated -- volume
|k v.15
|l 1996
|m A14841774558
|
| 952 |
f |
f |
|p ric
|a Texas A&M University
|b Rellis Campus
|c Joint Library Facility
|d Remote Storage
|t 0
|e HF5410 .M39
|h Library of Congress classification
|i unmediated -- volume
|k v.32:no.1-2
|l 2013:Jan./Feb.-Mar./Apr.
|m A14842470255
|
| 952 |
f |
f |
|p ric
|a Texas A&M University
|b Rellis Campus
|c Joint Library Facility
|d Remote Storage
|t 0
|e HF5410 .M39
|h Library of Congress classification
|i unmediated -- volume
|k v.27:no.1-2
|l 2008:Jan./Feb.
|m A14837309987
|
| 952 |
f |
f |
|p ric
|a Texas A&M University
|b Rellis Campus
|c Joint Library Facility
|d Remote Storage
|t 0
|e HF5410 .M39
|h Library of Congress classification
|i unmediated -- volume
|k v.35:no.5-6
|l 2016:Sept./Oct.-Nov./Dec.
|m A14850415945
|
| 952 |
f |
f |
|p ric
|a Texas A&M University
|b Rellis Campus
|c Joint Library Facility
|d Remote Storage
|t 0
|e HF5410 .M39
|h Library of Congress classification
|i unmediated -- volume
|k v.23:no.1-2
|l 2004:Winter-Spring
|m A14832841031
|
| 952 |
f |
f |
|p ric
|a Texas A&M University
|b Rellis Campus
|c Joint Library Facility
|d Remote Storage
|t 0
|e HF5410 .M39
|h Library of Congress classification
|i unmediated -- volume
|k v.1
|l 1982
|m A14841774459
|
| 952 |
f |
f |
|p ric
|a Texas A&M University
|b Rellis Campus
|c Joint Library Facility
|d Remote Storage
|t 0
|e HF5410 .M39
|h Library of Congress classification
|i unmediated -- volume
|k v.29:no.5-6
|l 2010:Sept./Oct.-Nov./Dec.
|m A14841287846
|
| 952 |
f |
f |
|p ric
|a Texas A&M University
|b Rellis Campus
|c Joint Library Facility
|d Remote Storage
|t 0
|e HF5410 .M39
|h Library of Congress classification
|i unmediated -- volume
|k v.28:no.1-3
|l 2009:Jan./Feb.-May/June
|m A14839102983
|
| 952 |
f |
f |
|p ric
|a Texas A&M University
|b Rellis Campus
|c Joint Library Facility
|d Remote Storage
|t 0
|e HF5410 .M39
|h Library of Congress classification
|i unmediated -- volume
|k v.33:no.5-6
|l 2014:Sept./Oct.-Nov./Dec.
|m A14843531527
|
| 952 |
f |
f |
|p ric
|a Texas A&M University
|b Rellis Campus
|c Joint Library Facility
|d Remote Storage
|t 0
|e HF5410 .M39
|h Library of Congress classification
|i unmediated -- volume
|k v.30:no.5-6
|l 2011:Sept./Oct.-Nov./Dec.
|m A14841287812
|
| 952 |
f |
f |
|p ric
|a Texas A&M University
|b Rellis Campus
|c Joint Library Facility
|d Remote Storage
|t 0
|e HF5410 .M39
|h Library of Congress classification
|i unmediated -- volume
|k v.4
|l 1985
|m A14841774426
|
| 952 |
f |
f |
|p ric
|a Texas A&M University
|b Rellis Campus
|c Joint Library Facility
|d Remote Storage
|t 0
|e HF5410 .M39
|h Library of Congress classification
|i unmediated -- volume
|k v.27:no.5-6
|l 2008:Sept./Oct.-Nov./Dec.
|m A14838814383
|
| 952 |
f |
f |
|p ric
|a Texas A&M University
|b Rellis Campus
|c Joint Library Facility
|d Remote Storage
|t 0
|e HF5410 .M39
|h Library of Congress classification
|i unmediated -- volume
|k v.14
|l 1995
|m A14841774566
|
| 952 |
f |
f |
|p ric
|a Texas A&M University
|b Rellis Campus
|c Joint Library Facility
|d Remote Storage
|t 0
|e HF5410 .M39
|h Library of Congress classification
|i unmediated -- volume
|k v.29:no.1-2
|l 2010:Jan./Feb.-Mar./Apr.
|m A14839102878
|
| 952 |
f |
f |
|p ric
|a Texas A&M University
|b Rellis Campus
|c Joint Library Facility
|d Remote Storage
|t 0
|e HF5410 .M39
|h Library of Congress classification
|i unmediated -- volume
|k v.10
|l 1991
|m A14841774608
|
| 952 |
f |
f |
|p ric
|a Texas A&M University
|b Rellis Campus
|c Joint Library Facility
|d Remote Storage
|t 0
|e HF5410 .M39
|h Library of Congress classification
|i unmediated -- volume
|k v.34:no.1-2
|l 2015:Jan./Feb.-Mar./April
|m A14843531519
|
| 952 |
f |
f |
|p ric
|a Texas A&M University
|b Rellis Campus
|c Joint Library Facility
|d Remote Storage
|t 0
|e HF5410 .M39
|h Library of Congress classification
|i unmediated -- volume
|k v.2
|l 1983
|m A14841774442
|
| 952 |
f |
f |
|p ric
|a Texas A&M University
|b Rellis Campus
|c Joint Library Facility
|d Remote Storage
|t 0
|e HF5410 .M39
|h Library of Congress classification
|i unmediated -- volume
|k v.22
|l 2003
|m A14832159620
|
| 952 |
f |
f |
|p ric
|a Texas A&M University
|b Rellis Campus
|c Joint Library Facility
|d Remote Storage
|t 0
|e HF5410 .M39
|h Library of Congress classification
|i unmediated -- volume
|k v.3
|l 1984
|m A14841774434
|
| 952 |
f |
f |
|p ric
|a Texas A&M University
|b Rellis Campus
|c Joint Library Facility
|d Remote Storage
|t 0
|e HF5410 .M39
|h Library of Congress classification
|i unmediated -- volume
|k v.17
|l 1998
|m A14841774533
|
| 952 |
f |
f |
|p ric
|a Texas A&M University
|b Rellis Campus
|c Joint Library Facility
|d Remote Storage
|t 0
|e HF5410 .M39
|h Library of Congress classification
|i unmediated -- volume
|k v.29:no.3-4
|l 2010:May/June-July/Aug.
|m A14841287854
|
| 952 |
f |
f |
|p ric
|a Texas A&M University
|b Rellis Campus
|c Joint Library Facility
|d Remote Storage
|t 0
|e HF5410 .M39
|h Library of Congress classification
|i unmediated -- volume
|k v.31:no.3-4
|l 2012:May/June-July/Aug.
|m A14841636867
|
| 952 |
f |
f |
|p ric
|a Texas A&M University
|b Rellis Campus
|c Joint Library Facility
|d Remote Storage
|t 0
|e HF5410 .M39
|h Library of Congress classification
|i unmediated -- volume
|k v.27:no.3-4
|l 2008:May/June-July/Aug.
|m A14837309945
|
| 952 |
f |
f |
|p ric
|a Texas A&M University
|b Rellis Campus
|c Joint Library Facility
|d Remote Storage
|t 0
|e HF5410 .M39
|h Library of Congress classification
|i unmediated -- volume
|k v.34:no.3-4
|l 2015:May/June-July/Aug.
|m A14843531501
|
| 952 |
f |
f |
|p ric
|a Texas A&M University
|b Rellis Campus
|c Joint Library Facility
|d Remote Storage
|t 0
|e HF5410 .M39
|h Library of Congress classification
|i unmediated -- volume
|k v.36:no.3-4
|l 2017:May/June-July/Aug.
|m A14850415960
|
| 952 |
f |
f |
|p ric
|a Texas A&M University
|b Rellis Campus
|c Joint Library Facility
|d Remote Storage
|t 0
|e HF5410 .M39
|h Library of Congress classification
|i unmediated -- volume
|k v.8
|l 1989
|m A14841774624
|
| 952 |
f |
f |
|p ric
|a Texas A&M University
|b Rellis Campus
|c Joint Library Facility
|d Remote Storage
|t 0
|e HF5410 .M39
|h Library of Congress classification
|i unmediated -- volume
|k v.13
|l 1994
|m A14841774574
|
| 998 |
f |
f |
|a HF5410 .M39
|s v.1-36 (1982-2017)
|t 0
|l Remote Storage
|